| 000 | 00707nam a2200181 a 4500 | ||
|---|---|---|---|
| 001 | 5114 | ||
| 003 | CO-ViMGA | ||
| 008 | 141112s2004 ck r 000 u spa d | ||
| 040 |
_aCO-ViMGA _bspa _cCO-ViMGA |
||
| 082 | 0 | 4 | _aR747 I331 |
| 245 | 1 | 0 | _aIdea Books |
| 260 |
_aBarcelona : _bIdea Books, _c1991 |
||
| 300 | _a6 v | ||
| 500 | _aContenido : v.1, Dormitorios : bedrooms; v.2, Cortinas : cutains; v.3, Tejados : fabrics; v.4, Ambientes tapizados : upholsteres; v.5, Alfombras : carpets; v.6, Baños : Bath/sets. Texto bilingue español - engles. | ||
| 590 | _aDatos de inventario : 05411, 05412, 05413, 05414, 05415, 05416 | ||
| 650 | 1 | 4 |
_aDECORACION DE INTERIORES - ENCICLOPEDIAS _93388 |
| 942 |
_2ddc _cBK |
||
| 999 |
_c17115 _d17115 |
||